| 000 | 00940nam a2200241 a 4500 | ||
|---|---|---|---|
| 001 | 81221 | ||
| 003 | BD-RjUL | ||
| 005 | 20231115112650.0 | ||
| 008 | 230214s2012 bg ||||| m||| 00| 0 eng d | ||
| 035 | _a(BD-RjUL)81221 | ||
| 040 |
_aBD-RjUL _beng _cBD-RjUL _dBD-RjUL |
||
| 041 | _aeng | ||
| 082 |
_a297.77 _bIST 2012 _223 |
||
| 100 |
_aIslam, Md. Rafiqul _91188 |
||
| 245 | 1 | 0 |
_aThe Centre of al-Madinah : _bIts Role in Diffusing Islamic Learning in Muslim Spain (711-1031 A. C.) / _cMd. Rafiqul Islam. _6Supervisor : Muhammad Ruhul Amin. |
| 260 |
_aRajshahi : _bDepartment of Islamic Studies, University of Rajshahi, _c2012. |
||
| 300 |
_aix, 265 Leaves ; _c29 cm. |
||
| 502 | _aThesis (Ph. D.) -- Department of Islamic Studies, University of Rajshahi, 2012 | ||
| 504 | _aBibliography : Leaves 253-265 | ||
| 650 |
_aAl-Madinah _vIslamic Religious Eduucation _96974 |
||
| 700 |
_aAmin, Muhammad Ruhul, Supervisor _96975 |
||
| 942 |
_2ddc _cTHE |
||
| 999 |
_c81221 _d81221 |
||